| 000 | 01069nam a2200349 i 4500 | ||
|---|---|---|---|
| 001 | 7219 | ||
| 003 | KOSZ 005 | ||
| 005 | 20191028082217.0 | ||
| 008 | 070712s1970 pl f f |000 0 pol | ||
| 040 |
_aWA N _cWA N _dKOSZ 005/HR |
||
| 046 | _k1964 | ||
| 080 | _a512 | ||
| 080 | _a(075.8) | ||
| 100 | 1 |
_aOpial, Zdzisław _d(1930-1974). _eAutor |
|
| 245 | 1 | 0 |
_aAlgebra wyższa / _cZdzisław Opial. |
| 250 | _aWyd. 5. | ||
| 260 |
_aWarszawa : _bPaństwowe Wydawnictwo Naukowe, _c1970. |
||
| 300 |
_aXVIII, 445 s. ; _c23 cm. |
||
| 336 |
_2rdacontent _aTekst _btxt |
||
| 337 |
_2rdamedia _aBez urządzenia pośredniczącego _bn |
||
| 338 |
_2rdacarrier _aWolumin _bnc |
||
| 380 | _aKsiążki. | ||
| 380 | _aPublikacje dydaktyczne. | ||
| 385 |
_mPoziom nauczania. _aSzkoły wyższe. |
||
| 388 | _a1901-2000 | ||
| 388 | _a1945-1989 | ||
| 658 | _aMatematyka | ||
| 655 | 4 | _aPodręczniki akademickie | |
| 650 | 4 | _aAlgebra | |
| 856 |
_uhttp://koha.tu.koszalin.pl/cgi-bin/koha/opac-detail.pl?biblionumber=7219 _yKatalog online BPK |
||
| 942 |
_2UKD _cKS |
||
| 999 |
_c7219 _d7219 |
||